Professionals and the new managerialism in the public sector

Αποθηκεύτηκε σε:
Λεπτομέρειες βιβλιογραφικής εγγραφής
Άλλοι συγγραφείς: Exworthy, Mark 1966- (Επιμελητής έκδοσης), Halford, Susan (Επιμελητής έκδοσης)
Μορφή: Βιβλίο
Γλώσσα:English
Δημοσίευση: Buckingham : Open University Press, c1998
Θέματα:
Ετικέτες: Προσθήκη ετικέτας
Δεν υπάρχουν, Καταχωρήστε ετικέτα πρώτοι!

MARC

LEADER 00000nam a2200000 i 4500
001 1/73367
008 990316s1998 eng d
020 |a 0-335-19820-1 
035 |l 10048798 
040 |a GR-MY-UA  |b gre  |e aacr 
041 0 |a eng 
082 0 |a 352.30941 
245 1 0 |a Professionals and the new managerialism in the public sector /  |c edited by Mark Exworthy and Susan Halford 
260 |a Buckingham :   |b Open University Press,   |c c1998 
300 |a 158 p. 
504 |a Includes bibliographical references and index 
650 0 0 |a Organizational change  |z Great Britain. 
650 0 0 |a Government productivity  |z Great Britain. 
650 0 0 |a Administrative agencies  |z Great Britain  |x Management. 
650 0 0 |a Professional employees in government  |z Great Britain. 
700 0 |a Exworthy, Mark  |d 1966-  |4 edt 
700 0 |a Halford, Susan.  |4 edt 
852 |a INST  |b LESVOS  |e 19990316  |h 352.30941 PRO  |p 005100018725  |q 005100018725  |t BK  |y 0 
901 |a BIBL-1999-1 
909 |a Λ  |b 064587 
922 |a 1ΕΛΗ  |b 199902  |c ΚΠΣ/ΤΚ  |d GLORY 
950 |a 103-1998-11-20